Quizzes
Events
Quiz Creation
Community
Videos
Private Events
Remove Ads
Sign In
Join for FREE
Feedback
Dark Mode
Quiz Categories
Sports
Geography
Music
Movies
Television
Just For Fun
Miscellaneous
History
Literature
Language
Science
Gaming
Entertainment
Religion
Holiday
For Kids
Quiz Lab
Recent
Popular Today
Quiz Kudos Today
Editor Picks
Curator Picks
Quizzes by...
Day
Popularity
Type
Ratings
Length
Year
Community
Subscriptions
Recent Discussions
Orange Saloon
Badges
Playlists
Quests
Create
Leaderboards
Showdown
Live 5
Trivia Bingo
Activity
Puzzle Library
Sporcle Events
Private Events
Virtual Trivia
Globe League
Become a Host
Pub Owners
SporcleCon
Opinionation
Our Games
Videos
Blog
Mobile Apps
Partnerships
Remove Ads and Go Orange
Feedback
Movies
Disney
Marvel Cinematic Universe
Movie Resume
Movie Titles
Oscar
Actor
Actress
Director
Pixar
Role
Movie Quotes
Movie Characters
Box Office
Nominee
Best Picture
Star Wars
James Bond
Horror Movies
Movies
Disney
Marvel Cinematic Universe
Movie Resume
Movie Titles
Oscar
Actor
Actress
Director
Pixar
Role
Movie Quotes
Movie Characters
Box Office
Nominee
Best Picture
Star Wars
James Bond
Horror Movies
Random Quiz
Search Sporcle
×
Quiz Lab
Quiz Lab
Movies
feature
Type in answers that appear in a list
Type in answers that appear in a list
Classic
Best Score? Go Orange.
Walden Media Films Stats
Can you name the feature films produced by Walden Media?
By
whattheheck
8m
20 Questions
53 Plays
53 Plays
53 Plays
Comments
Comments
Give Quiz Kudos
Give Quiz Kudos
-
- Ratings
hide this ad
Replay
Link that replays current quiz
Next Quiz
Link to next quiz in quiz playlist
You Got
0%
They Got
Avg Score
42%
Avg Friend Score
Upgrade to see
Score Distribution
Jump to the score distribution portion of the page
Score
0/20
Timer
08:00
0
Plays Today
Year
Movie
% Correct
2003
Holes
70.6%
2008
The Chronicles of Narnia: Prince Caspian
60.8%
2005
The Chronicles of Narnia: The Lion, The Witch and The Wardrobe
54.9%
2007
Bridge to Terabithia
47.1%
2006
Hoot
45.1%
2006
Charlotte's Web
43.1%
2007
The Water Horse
43.1%
2006
How to Eat Fried Worms
41.2%
2008
Journey to the Center of the Earth
41.2%
2008
City of Ember
41.2%
Year
Movie
% Correct
2008
Nim's Island
39.2%
2007
Mr. Magorium's Wonder Emporium
37.3%
2003
Ghosts of the Abyss
35.3%
2004
I Am David
35.3%
2005
Because of Winn-Dixie
35.3%
2009
Bandslam
35.3%
2004
Around the World in 80 Days
33.3%
2005
Aliens of the Deep
33.3%
2007
The Seeker: The Dark is Rising
31.4%
2007
Amazing Grace
21.6%
Quiz Playlist
Details
Report
Send in Message
Add To Playlist
Classic:
Type in answers that appear in a list
Quiz Source
Last Updated: Feb 16, 2017
Quiz Scoreboard
CHALLENGE
Sign Up to Join the Scoreboard
Show All
Scores
Hide
Comments
May contain spoilers
Recently Published
Billboard Blitz: Fleetwood Mac
by CooCooCachoo
Music
15s
Presidents Visiting Landmarks
by Hejman
History
7m
An Introduction to Baseball
by treessimontrees
Sports
5m
More to Explore
Quiz From the Vault
Featured Blog Post
Where Did the Easter Bunny Come From?
hide this ad
You Might Also Like...
Tags
distributor
feature
Media
Produced
Walden
Today's Top Quizzes in Movies
Browse Movies
hide this ad
Today's Top Quizzes in feature
Browse feature
Top Contributed Quizzes in Movies
1
Pick 5 Posters: Directed by Spielberg
2
7-to-1: Pixar Characters
3
Pick 5 Posters: Lowest-Rated Spielberg
4
Sorting Actors
5
Pick 5 Posters: Directed by Scorsese
6
Sorting Actresses
7
Pick 5 Posters: Star & Director
8
Pick 5 Posters: Women Directed 2020s
9
12 Movies about Fictional 1960s Events
10
Multi-Oscar Nominations, One Movie, One Winner
Explore More
Trending Topics
Anime
Harry Potter
Kpop
Disney
NBA
Crossword
Marvel
Country
Pokémon
Puzzle
Song
WWE
NFL
The Office
Soccer
hide this ad
More By:
whattheheck
Quiz
Plays
Rating
Category
Featured
Created
Pixar A-Z
250,271
3.93
Movies
Oct 11, 2009
Biggest Movie Stars
1,808
4.10
Movies
Mar 6, 2010
Pixar Villains
1,529
3.63
Movies
Oct 8, 2009
Titular Movie Lines
1,330
4.23
Movies
Nov 23, 2009
Peanuts specials
394
3.50
Television
Oct 15, 2009
Go to Creator's Profile
Score Distribution
Quiz Creator Spotlight
whattheheck
Follow
Send a Message
Quizzes Created
-
Created Quiz Play Count
-
More By This Creator
Popular Quizzes Today
1
Find the US States - No Outlines Minefield
2
Find the Countries of Europe - No Outlines Minefield
3
The Countries of the World
4
Find the US States
5
US States
6
Risky Map Clicking: Biggest States A-Z
7
Popular People in 1961
8
Movies - When Are They Set?
More Movies Quizzes
'G' Missing Word in Oscar Best Picture Nominees
Quiz Lab
Trending Quizzes
Risky Map Clicking: Least Populous States A-Z
1-10 Letter G Words
1-10 Letter F Words
Risky Map Clicking: Next State Alphabetically
Risky Map Clicking: Biggest States A-Z
Recently Updated
Leaping Animals
pecheneg
Reality TV Shows (A-Z)
bhenderson79
Rickey Henderson's Hall of Fame Teammates
pecheneg
Champions League XIs: Arsenal
pecheneg
Quick Pick: Celebrities in WWE's Hall of Fame
aduchscher
A-Z Keypad Blitz II
pecheneg
Multiple Oscar Actors
pecheneg
Mystery Phrase Blitz: Oscar 'Best Actors'
pecheneg
F. Scott Fitzgerald Novels
LTH
Pick 3 Villains
ddd62291
Trending Topics
Anime
NBA
Kpop
Harry Potter
Disney
Marvel
Crossword
The Office
WWE
Song
Puzzle
NFL
Pokémon
Country
Soccer
Your Account Isn't Verified!
In order to create a playlist on Sporcle, you need to verify the email address you used during registration. Go to your
Sporcle Settings
to finish the process.
Report this User
Report this user for behavior that violates our
Community Guidelines
.
Details:
Send Report
Go to the Sporcle.com Mobile Site →
Comments